<?xml version="1.0" encoding="UTF-8"?>
<collection xmlns="http://www.loc.gov/MARC21/slim">
 <record>
  <leader>01240nam a22001937a 4500</leader>
  <controlfield tag="001">NCT_103642</controlfield>
  <controlfield tag="008">220319b        xxu||||| |||| 00| 0 vie d</controlfield>
  <datafield tag="999" ind1=" " ind2=" ">
   <subfield code="c">5239</subfield>
   <subfield code="d">5239</subfield>
  </datafield>
  <datafield tag="020" ind1=" " ind2=" ">
   <subfield code="a">9786045834633</subfield>
   <subfield code="c">150000</subfield>
  </datafield>
  <datafield tag="082" ind1="0" ind2="4">
   <subfield code="2">23rd ed.</subfield>
   <subfield code="a">895.92209</subfield>
   <subfield code="b">T312</subfield>
  </datafield>
  <datafield tag="100" ind1="1" ind2=" ">
   <subfield code="a">Bùi Đức Tịnh</subfield>
  </datafield>
  <datafield tag="245" ind1="1" ind2="0">
   <subfield code="a">Những bước đầu của báo chí, truyện ngắn, tiểu thuyết và thơ mới (1865-1932)</subfield>
   <subfield code="c">Bùi Đức Tịnh</subfield>
  </datafield>
  <datafield tag="260" ind1=" " ind2=" ">
   <subfield code="a">Tp. Hồ Chí Minh</subfield>
   <subfield code="b">Tổng hợp Tp. Hồ Chí Minh</subfield>
   <subfield code="c">2021</subfield>
  </datafield>
  <datafield tag="300" ind1=" " ind2=" ">
   <subfield code="a">370 tr.</subfield>
   <subfield code="c">23cm</subfield>
  </datafield>
  <datafield tag="520" ind1="3" ind2=" ">
   <subfield code="a">Cuốn sách là tập hợp nhiều trích đoạn chọn lọc trong các tờ báo đầu tiên, các tiểu thuyết đầu tiên và các bài nghị luận, sáng tác lúc mới xuất hiện của phong trào thơ mới cùng với truyện ngắn, vừa có thể phục vụ người nghiên cứu, vừa gây hứng thú cho bạn đọc.</subfield>
  </datafield>
  <datafield tag="653" ind1=" " ind2=" ">
   <subfield code="a">Tham khảo</subfield>
  </datafield>
  <datafield tag="942" ind1=" " ind2=" ">
   <subfield code="2">ddc</subfield>
   <subfield code="c">BK</subfield>
  </datafield>
  <datafield tag="952" ind1=" " ind2=" ">
   <subfield code="0">0</subfield>
   <subfield code="1">0</subfield>
   <subfield code="2">ddc</subfield>
   <subfield code="4">0</subfield>
   <subfield code="6">895_922090000000000_T312</subfield>
   <subfield code="7">0</subfield>
   <subfield code="9">22653</subfield>
   <subfield code="a">000001</subfield>
   <subfield code="b">000001</subfield>
   <subfield code="d">2022-03-19</subfield>
   <subfield code="o">895.92209 T312</subfield>
   <subfield code="p">TK.02701</subfield>
   <subfield code="r">2022-03-19</subfield>
   <subfield code="v">150000.00</subfield>
   <subfield code="w">2022-03-19</subfield>
   <subfield code="y">BK</subfield>
  </datafield>
  <datafield tag="980" ind1=" " ind2=" ">
   <subfield code="a">Thư viện Trường Đại học Nam Cần Thơ</subfield>
  </datafield>
 </record>
</collection>
